Understanding postcolonialism (Record no. 6464)

MARC details
000 -LEADER
fixed length control field 00421 a2200169 4500
001 - CONTROL NUMBER
control field 132079
003 - CONTROL NUMBER IDENTIFIER
control field OSt
005 - DATE AND TIME OF LATEST TRANSACTION
control field 20211008170421.0
008 - FIXED-LENGTH DATA ELEMENTS--GENERAL INFORMATION
fixed length control field
082 ## - DEWEY DECIMAL CLASSIFICATION NUMBER
Classification number 325.3
Item number W67U
100 1# - MAIN ENTRY--PERSONAL NAME
Personal name Williams, James
245 1# - TITLE STATEMENT
Title Understanding postcolonialism
Statement of responsibility, etc by James Williams
260 ## - PUBLICATION, DISTRIBUTION, ETC. (IMPRINT)
Place of publication, distribution, etc Jaipur
Name of publisher, distributor, etc Rawat Publication
Date of publication, distribution, etc 2012
300 ## - PHYSICAL DESCRIPTION
Extent 180p.
690 ## - LOCAL SUBJECT ADDED ENTRY--TOPICAL TERM (OCLC, RLIN)
Topical term or geographic name as entry element Postcolonialism
942 ## - ADDED ENTRY ELEMENTS (KOHA)
Source of classification or shelving scheme Dewey Decimal Classification
Koha item type Books
Holdings
Withdrawn status Lost status Source of classification or shelving scheme Damaged status Not for loan Collection code Home library Current library Date acquired Source of acquisition Cost, normal purchase price Full call number Barcode Date last seen Price effective from Koha item type
    Dewey Decimal Classification     General Text Book Central University Of Rajasthan Central University Of Rajasthan 08/06/2012 ENG 695.00 325.3 W67U 8860 21/11/2024 02/09/2020 Books